000 01171nam a2200337 i 4500
005 20220317001755.0
007 ta
008 170328s2013 sp a gr 000 j spa d
020 _a9788415717522
040 _aCO-BoRNBP
_bspa
_erda
_cCO-BoRNBP
041 1 _aspa
_hger
043 _as-ck---
084 _aC KAF1
100 1 _aKafka, Franz,
_d1883-1924,
_eautor
245 1 3 _aEl fogonero
_cFranz Kafka ; ilustraciones de Max ; traducción de Juan Andrés García Román
250 _aPrimera edición
264 1 _aMadrid
_bNordicalibros
_c2013
300 _a73 páginas
_bilustraciones en blanco y negro
_c19 cm
336 _atexto
_btxt
_2rdacontent
337 _asin mediación
_bn
_2rdamedia
338 _avolumen
_bnc
_2rdacarrier
504 _aIncluye datos biográficos del autor e ilustrador
521 _aRecomendado desde los 15 años.
534 _tDer heizer
650 1 7 _aCuentos checoslovacos
_ySiglo XIX
_2ARMARC
650 1 7 _aLiteratura checoslovaca
_ySiglo XIX
_2ARMARC
650 1 7 _aAventuras
_vCuentos
_2ARMARC
700 1 _aMax
_d1956-
_eilustrador
_9141363
700 1 _aGarcía Román, Juan Andrés
_d1979-
_etraductor
_9141364
942 _2loc
_cBKLIT
999 _c8050
_d8050